£4bn Corby regeneration plans (Record no. 72012)

MARC details
000 -LEADER
fixed length control field 00873cam a2200205 4500
001 - CONTROL NUMBER
control field WB3904-24
008 - FIXED-LENGTH DATA ELEMENTS--GENERAL INFORMATION
fixed length control field 030130n2003 000 0 eng u
035 ## - SYSTEM CONTROL NUMBER
System control number (Sirsi) u121186
245 ## - TITLE STATEMENT
Title £4bn Corby regeneration plans
260 ## - PUBLICATION, DISTRIBUTION, ETC.
Date of publication, distribution, etc. 2003
490 ## - SERIES STATEMENT
Series statement Catalyst Corby Press Release
Volume/sequential designation 28 January 2003, (2)
520 ## - SUMMARY, ETC.
Summary, etc. A £4bn development framework for Corby has been launched by Catalyst Corby, the first urban regeneration company tasked with a borough-wide remit. The plans include a town centre transformation, the creation of offices, shops, a rail link to London, 28 000 homes and doubling the population to 100 000. http://www.urcs-online.co.uk/newsandpress/pressrelease.asp?id=94
590 ## - LOCAL NOTE (RLIN)
Local note WB
650 ## - SUBJECT ADDED ENTRY--TOPICAL TERM
Topical term or geographic name entry element URBAN REGENERATION COMPANIES
650 ## - SUBJECT ADDED ENTRY--TOPICAL TERM
Topical term or geographic name entry element CORBY
650 ## - SUBJECT ADDED ENTRY--TOPICAL TERM
Topical term or geographic name entry element DEVELOPMENT
650 ## - SUBJECT ADDED ENTRY--TOPICAL TERM
Topical term or geographic name entry element EAST MIDLANDS
690 ## - LOCAL SUBJECT ADDED ENTRY--TOPICAL TERM (OCLC, RLIN)
Topical term or geographic name as entry element REGENERATION
942 ## - ADDED ENTRY ELEMENTS (KOHA)
Suppress in OPAC 0
Holdings
Withdrawn status Lost status Source of classification or shelving scheme Damaged status Not for loan Home library Current library Shelving location Date acquired Total Checkouts Full call number Barcode Date last seen Copy number Price effective from Koha item type
    Dewey Decimal Classification     London London News article 30/01/2003   WB3904-24 121186-1001 06/08/2019 1 06/08/2019 News article